Des jeux de cartes en vrac - Statistiques

Statistiques générales
  • Ce quiz a été pris 135 fois
  • Le résultat moyen est 8 sur 16
Statistiques - réponses
Par images Réponse % Correct
Pokémon
98%
Uno
98%
Les Loups-garous de Thiercelieux
95%
Mille Bornes
87%
Jeu de tarot
81%
Jeu des 7 familles
69%
Dobble
55%
Yu-Gi-Oh!
52%
Skyjo
42%
Magic: The Gathering
36%
Hearthstone
31%
Lorcana
13%
Love Letter
8%
Munchkin
7%
Apples to Apples
2%
Cartes de Zener
0%
Aucun quiz correspondant
Distribution des résultats
% des personnes avec chaque résultat
Percentile par nombre de réponses
Votre historique - résultats
Vous n’avez pas pris ce quiz